| 000 | 00804nam0a2200289 4500 | ||
|---|---|---|---|
| 001 | RU\NLR\ONL2\13482 | ||
| 005 | 20250613131157.0 | ||
| 010 | _a978-5-8192-0359-0 | ||
| 035 | _a(NLR Aleph) 009661067 | ||
| 090 |
_a9613877 _c9613877 |
||
| 100 | _a20090421d2009 |||y0rusy50 ca | ||
| 101 | 0 | _aaze | |
| 102 | _aRU | ||
| 105 | _aa ||||||||| | ||
| 200 | 1 |
_aCirtdan _f[худож. Р. Бабаев] |
|
| 210 |
_aСПб. _cРос. Нац. Библиотека _d2009 |
||
| 215 |
_a16 c. _cил. _d29 |
||
| 541 | 1 |
_aДжыртдан _zrus |
|
| 686 | 1 | _aШ9(2)3=Аз | |
| 702 | 1 |
_aБабаев _bР. _gРасим _4440 |
|
| 801 | 0 |
_aRU _bNLR _c20090422 _gPSBO |
|
| 852 |
_aNLR _bОНЛ _jАзерб./5-434 |
||
| 942 | _cBOOK | ||
| 980 | _aNB | ||
| 980 | _aONL_RF | ||